banner-ar

علم اجتماع التنظيم: مدخل للتراث والمشكلات والموضوع والمنهج / (Record no. 58921)

MARC details
000 -الفاتح
حقل البيانات ثابتة الطول 00489nam a2200145Ia 4500
008 - عناصر البيانات ثابتة الطول - معلومات عامة
حقل البيانات ثابتة الطول 140319s9999 xx 000 0 ara d
040 ## - مصدر الفهرسة
وكالة الفهرسة الأصلية GCL /
وكالة النسخ GCL
082 04 - رقم تصنيف ديوى العشرى
رقم التصنيف 301.01
رقم المادة م ع
100 1# - المدخل الرئيسى - إسم شخصى
الإسم الشخصى محمد على محمد
245 10 - بيان العنوان
العنوان علم اجتماع التنظيم: مدخل للتراث والمشكلات والموضوع والمنهج /
بيان المسئوليه,etc محمد على محمد
260 ## - PUBLICATION, DISTRIBUTION, ETC. (IMPRINT)
تاريخ النشر أو التوزيع 1994
300 ## - الوصف المادى
التعداد 587
490 ## - بيان السلسلة
عنوان السلسلة
260 ## - PUBLICATION, DISTRIBUTION, ETC. (IMPRINT)
-- [S.N] :
-- دار المعرفة الجامعية ،
Holdings
حالة التراجع حالة الفقد حالة تلف ليس للاعارة المكان المؤقت الموقع الحالى تاريخ الاكتساب اجمالي اﻻعارات رقم الطلب الباركود تاريخ اخر مشاهدة تاريخ تفعيل السعر نوع وعاء كوها
        مكتبة القاهرة الكبرى مكتبة القاهرة الكبرى 03/26/2014   301.01\م ع 152897 03/26/2014 03/26/2014 كتاب

Powered By

EGPV